К вопросу обоснования способа наименьших квадратов; Известия Томского политехнического института [Известия ТПИ]; Т. 62, вып. 2
| Parent link: | Известия Томского политехнического института [Известия ТПИ]/ Томский политехнический институт (ТПИ).— , 1944-1976 Т. 62, вып. 2.— 1946.— [С. 201-212] |
|---|---|
| Autor principal: | |
| Resumo: | Заглавие с титульного листа Электронная версия печатной публикации |
| Idioma: | russo |
| Publicado em: |
1946
|
| Assuntos: | |
| Acesso em linha: | http://www.lib.tpu.ru/fulltext/v/Bulletin_TPU/1944-1946/v62/29.pdf |
| Formato: | MixedMaterials Recurso Electrónico Capítulo de Livro |
| KOHA link: | https://koha.lib.tpu.ru/cgi-bin/koha/opac-detail.pl?biblionumber=185417 |
MARC
| LEADER | 00000nla2a2200000 4500 | ||
|---|---|---|---|
| 001 | 185417 | ||
| 005 | 20231031172910.0 | ||
| 035 | |a (RuTPU)RU\TPU\book\201116 | ||
| 035 | |a RU\TPU\book\201111 | ||
| 090 | |a 185417 | ||
| 100 | |a 20101008d1946 k y0rusy50 ca | ||
| 101 | 0 | |a rus | |
| 102 | |a RU | ||
| 135 | |a drnn ---uucaa | ||
| 181 | 0 | |a i | |
| 182 | 0 | |a b | |
| 200 | 1 | |a К вопросу обоснования способа наименьших квадратов |b Электронный ресурс |f В. С. Нуварьев | |
| 203 | |a Текст |c электронный | ||
| 215 | |a 1 файл (497 Кб) | ||
| 230 | |a Электронные текстовые данные (1 файл : 497 Кб) | ||
| 300 | |a Заглавие с титульного листа | ||
| 300 | |a Электронная версия печатной публикации | ||
| 337 | |a Adobe Reader | ||
| 461 | 1 | |0 (RuTPU)RU\TPU\book\200995 |t Известия Томского политехнического института [Известия ТПИ] |f Томский политехнический институт (ТПИ) |d 1944-1976 | |
| 463 | 1 | |0 (RuTPU)RU\TPU\book\201054 |t Т. 62, вып. 2 |v [С. 201-212] |d 1946 |p 508 с. | |
| 610 | 1 | |a электронный ресурс | |
| 610 | 1 | |a труды учёных ТПУ | |
| 700 | 1 | |a Нуварьев |b В. С. | |
| 801 | 1 | |a RU |b 63413507 |c 20090320 |g PSBO | |
| 801 | 2 | |a RU |b 63413507 |c 20110705 |g PSBO | |
| 856 | 4 | |u http://www.lib.tpu.ru/fulltext/v/Bulletin_TPU/1944-1946/v62/29.pdf | |
| 942 | |c CF | ||